000 01061nam a2200253 a 4500
003 AM-YeHGA
005 20250618075233.0
008 180330s1960 ru c||||r|||||000|1|rus||
040 _aAM-YeHGA
041 1 _arus
_htat
100 1 _aБаширов, Гумер
245 1 0 _aЧесть :
_bРоман /
_cГумер Баширов ; Авториз. пер. с тат. Р. Фаизовой.
260 _aМосква :
_bГослитиздат,
_c1960.
300 _a335 с., 1 л. портр. ;
_c21 см.
490 1 _aБиблиотека советской прозы
650 1 4 _aХудожественная литература
_94918
650 1 4 _aТатарская литература
653 0 _aКолхозники в Великой Отечественной войне 1941-1945 гг. (х. л.)
653 0 _aЖенщина в Татарской АССР (х. л.)
700 1 _aФаизова, Р.
_eпер.
_4trl
830 0 _aБиблиотека советской прозы
942 _2udc
_cBK
090 _c447702
999 _c444872
_d444872